<?xml version="1.0" encoding="UTF-8"?>
<resp>
  <nextPage>https://data.bn.org.pl/api/networks/bibs.marcxml?marc=001+b00001150000675&amp;sinceId=1150000676</nextPage>
  <collection>
    <record xmlns='http://www.loc.gov/MARC21/slim'><leader>01060namZa2200349ZiZ4500</leader><controlfield tag='001'>b00001150000675</controlfield><controlfield tag='005'>20260401103609.3</controlfield><controlfield tag='008'>230609s        pl           |000 0 pol c</controlfield><controlfield tag='009'>9913261582605606</controlfield><datafield ind1=' ' ind2=' ' tag='020'><subfield code='a'>8371568118</subfield></datafield><datafield ind1=' ' ind2=' ' tag='020'><subfield code='a'>8373752226</subfield></datafield><datafield ind1=' ' ind2=' ' tag='035'><subfield code='a'>KR_1KR_1_20120318002039043344-48omnis_kr</subfield></datafield><datafield ind1=' ' ind2=' ' tag='035'><subfield code='a'>KR_1_20120318002039043344</subfield><subfield code='9'>ExL</subfield></datafield><datafield ind1=' ' ind2=' ' tag='035'><subfield code='a'>(PL)b00001150000675</subfield></datafield><datafield ind1=' ' ind2=' ' tag='040'><subfield code='a'>KR_1</subfield><subfield code='c'>KR_1</subfield><subfield code='d'>WA N</subfield></datafield><datafield ind1='0' ind2=' ' tag='041'><subfield code='a'>pol</subfield></datafield><datafield ind1='1' ind2=' ' tag='100'><subfield code='a'>Chotomska, Wanda</subfield></datafield><datafield ind1='1' ind2='0' tag='245'><subfield code='a'>Dziesięć bałwanków /</subfield><subfield code='c'>Wanda Chotomska ; [il. Suren Vardanian].</subfield></datafield><datafield ind1=' ' ind2=' ' tag='260'><subfield code='a'>W-wa :</subfield><subfield code='b'>&quot;Wilga&quot;,</subfield><subfield code='c'>2004.</subfield></datafield><datafield ind1=' ' ind2=' ' tag='300'><subfield code='a'>[12] s. :</subfield><subfield code='b'>il. kolor. ;</subfield><subfield code='c'>15 cm.</subfield></datafield><datafield ind1='1' ind2=' ' tag='490'><subfield code='a'>Klasyka Polska</subfield></datafield><datafield ind1=' ' ind2=' ' tag='500'><subfield code='a'>d</subfield></datafield><datafield ind1='1' ind2=' ' tag='700'><subfield code='a'>Vardanian, Suren.</subfield><subfield code='e'>Il.</subfield></datafield><datafield ind1=' ' ind2=' ' tag='852'><subfield code='b'>48OMNIS_NETWORK</subfield><subfield code='8'>9913261582605606</subfield></datafield><datafield ind1=' ' ind2=' ' tag='852'><subfield code='b'>48OMNIS_SW2</subfield><subfield code='8'>991000742474608005</subfield></datafield><datafield ind1=' ' ind2=' ' tag='852'><subfield code='8'>229731210008005</subfield><subfield code='j'>1</subfield><subfield code='b'>SW2_5_1</subfield><subfield code='p'>SW2_5_03857</subfield><subfield code='c'>SW2_5_1_1</subfield></datafield><datafield ind1=' ' ind2=' ' tag='920'><subfield code='a'>83-7156-811-8 (ISBN serii)</subfield></datafield><datafield ind1=' ' ind2=' ' tag='920'><subfield code='a'>83-7375-222-6</subfield></datafield></record>
  </collection>
</resp>
